000 00721nam a2200289Ia 4500
005 20260324121304.0
008 008 260324s9999 xx 000 0 eng d
020 _a9781315598482
037 _aEBOOK
040 _aCRL
040 _beng
040 _cCRL
041 _2eng
041 _aeng
084 _qCRL
100 _aKeyuan Zou; Shicun Wu
_91161930
245 0 _aNon-Traditional Security Issues and the South China Sea
245 0 _bShaping a New Framework for Cooperation
260 _bTaylor and Francis
260 _c2014
365 _a
365 _b240
856 _uhttp://www.taylorfrancis.com/books/9781315598482
942 _cEBOOK
999 _c1753942
_d1753942